000 00659nam a2200205Ia 4500
003 GCL
008 140319s9999 xx 000 0 eng d
040 _aGCL /
_cGCL
082 0 4 _a155.8943
_bH T
100 1 _aHEIMANNSBERY,BARBRA SCHMIDT,CHRISTOPH J
245 1 0 _aTHE CALLECIVE SILENCE: GERMAN IDENTITY AND THE LEGACY OF SHAME /
_cHEIMANNSBERY,BARBRA SCHMIDT,CHRISTOPH J
700 1 _aHARRIS,CYNTHIAAUDEJANS(TRAN)WHEELER,GORD
260 _a[S.N] :
_bJOSSEY-BASS PUBLISHERS ،
_c1993
300 _a254
650 0 4 _aGERMANY
650 0 4 _aHISTORY
650 0 4 _aNATIONL SOCIALISM PSYCHOLOGICAL
650 0 4 _aالبنوك-النقود
942 _2ddc
_cBK
999 _c21559
_d21559